• 首页
  • 本馆介绍
  • 公告通知
  • 最新文献
  • 馆藏检索
  • 电子资源
  • 读者导购
  • 参考咨询
  • 我的图书馆
  • 登录
  • 详细信息显示
  • 放入我的书架
  • 预约/预借图书
  • 作者相关作品
  • 分类相关作品
  • 丛书相关作品
  • 出版社相关作品

书目信息

  • 表格格式
  • 工作单格式
  • 卡片格式
题名:
黑木耳栽培实用技术彩色图解
    
 
作者: 冯景刚 主编
分册:  
出版信息: 沈阳   辽宁科学技术出版社  2013.03
页数: 104页
开本: 21cm
丛书名:
单 册:
中图分类: S646.6-64
科图分类:
主题词: 木耳--栽培--图解 , 木耳
电子资源:
ISBN: 978-7-5381-7901-9
000 00905nam0 2200265 450
001 010700147584
005 20140609084448.60
010    @a978-7-5381-7901-9@dCNY18.00
100    @a20130423d2013 em y0chiy0110 ea
101 0  @achi
102    @aCN@b210000
105    @aa z 000yy
106    @ar
200 1  @a黑木耳栽培实用技术彩色图解@9hei mu er zai pei shi yong ji shu cai se tu jie@f冯景刚主编
210    @a沈阳@c辽宁科学技术出版社@d2013.03
215    @a104页@c照片@d21cm
300    @a辽宁科协资助
330    @a本书重点介绍了黑木耳的代料栽培新技术、新方法,传统的黑木耳段木栽培方法,黑木耳的生物学基础、菌种生产、采收干制与分级、病虫害防治等方面的知识。
333    @a黑木耳栽培相关人员
606 0  @a木耳@x栽培@j图解
606 0  @a木耳
690    @aS646.6-64@v5
701  0 @a冯景刚@9feng jing gang@f(1955-)@4主编
801  0 @aCN@b人天书店@c20130423
905    @b548310-12@dS646.6-64@e273@f3
    
    黑木耳栽培实用技术彩色图解/冯景刚主编.-沈阳:辽宁科学技术出版社,2013.03
    104页:照片;21cm
    辽宁科协资助.-使用对象:黑木耳栽培相关人员
    
    ISBN 978-7-5381-7901-9:CNY18.00
    本书重点介绍了黑木耳的代料栽培新技术、新方法,传统的黑木耳段木栽培方法,黑木耳的生物学基础、菌种生产、采收干制与分级、病虫害防治等方面的知识。
●
相关链接 在E读中查询图书 在五车中查询图书 在当当中查询图书 在豆瓣中查询图书


正题名:黑木耳栽培实用技术彩色图解     索取号:S646.6-64/273         预约/预借

序号 登录号 条形码 馆藏地/架位号 状态 备注
1 548310   205483109   第二样本阅览室/ [索取号:S646.6-64/273] 在馆    
2 548311   205483118   第三借阅区/ [索取号:S646.6-64/273] 在馆    
3 548312   205483127   密集书库-生命科学系/ [索取号:S646.6-64/273] 在馆    
唐山师范学院图书馆 欢迎您!
大连网信软件有限公司© 版权所有